000
00440nam a2200145Ia 4500
008
100122s9999 xx 000 0 und d
082
_b
56004
_a
823
100
_a
वऱ्हाडपांडे वसंत
245
_a
चित्रशाळा
260
_b
आनंद अनंत अंतरकर
_c
1981
300
_a
121
630
_a
चित्रशाळा
730
_a
चित्रशाळा
942
_c
BOOK
999
_c
432527
_d
432524